00490nam a22001697a 450000500170000001000150001702000260003203500130005803700130007108200100008410000180009424500640011226000400017627000500021630000350026650000190030120130612122519.0 aENG-107371 a9781259026614c525.00 aEN-90904 bDBAD/PUB a658.8 aSarin, Sharad aBusiness marketing :cby Sharad Sarinbconcepts and cases / aNew DelhibTata Mc Graw Hill c2013 aP-24, Green Park ExtensionbNew Delhie110016 axvi, 654p. :bill.c24cm(pbk) aIncludes index